00675 2200253 4500001002100000005001700021008004100038020001800079035002400097082001300121090002000134100001200154245005900166250001100225260003000236300003000266500002700296650003600323850001500359980001100374985000600385999001500391999001500406YOGYA-0209000000493320090227020749.0 ind  a979-552-122-3 0010-020900000004933 a001.6424 a001.6424bWin R aWINARTO aReferensi eksekutif word perfectcdisusun oleh Winarto aCet. 1 aJakartabDinastindoc1993 a[6], 170 hlmbilusc21 cm aBibliografi : hlm. 170 aWord perfect (Program komputer) aYOPDYOG(B) a190505 a2 a95P0070500 a95P0070501